000 00771nam a2200241Ia 4500
001 227.07-SAN ed pa (4130)
003 IT-MiSPE
005 20200910161938.0
008 171229s9999||||xx |||||||||||||| ||und||
040 _aIT-MiSPE
_cIT-MiSPE
041 _aITALIANO
100 _aEd Parish Sanders
_958475
240 _aPaul, the Law and the Jewish People
245 0 _aPaolo, la legge e il popolo giudaico
250 _a1a ed. (v)
260 _aBrescia
_bPaideia
_c1989
300 _a363 p.
_c21 cm
490 _aStudi biblici
_v86
501 _aEdizioni San Paolo srl - Piazza Soncino, 5 - 20092 CINISELLO BALSAMO (MI) (non commercial uses only) ® Copyright 2018
700 _aPier Giorgio Borbone
_g(traduzione)
_958476
942 _cBK
_2ddc
999 _c339331
_d339331
999 _bNO